Cargando…

Gezer VII : The Middle Bronze Age and Later Fortifications in Fields II, IV, and VIII /

Detalles Bibliográficos
Autor principal: Seger, Joe D.
Otros Autores: Hardin, James W. 1964-, Gitin, Seymour 1936-
Formato: Electrónico eBook
Idioma:Inglés
Publicado: Winona Lake, Indiana Eisenbrauns 2013
Colección:Book collections on Project MUSE.
Temas:
Acceso en línea:Texto completo

MARC

LEADER 00000cam a22000004a 4500
001 musev2_80967
003 MdBmJHUP
005 20230905052322.0
006 m o d
007 cr||||||||nn|n
008 130327s2013 inu o 00 0 eng d
010 |z  2013009253 
020 |a 9781575066981 
035 |a (OCoLC)1273306707 
040 |a MdBmJHUP  |c MdBmJHUP 
100 1 |a Seger, Joe D. 
245 1 4 |a Gezer VII :   |b The Middle Bronze Age and Later Fortifications in Fields II, IV, and VIII /   |c by Joe D. Seger; with contributions by Seymour Gitin, James W. Hardin, John. R. Osborne, and Karen E. Seger; edited by Joe D. Seger and James W. Hardin 
264 1 |a Winona Lake, Indiana  |b Eisenbrauns  |c 2013 
264 3 |a Baltimore, Md. :  |b Project MUSE,   |c 2021 
264 4 |c ©2013 
300 |a 1 online resource (432 pages):   |b Illustrationen, Karten 
336 |a text  |b txt  |2 rdacontent 
337 |a computer  |b c  |2 rdamedia 
338 |a online resource  |b cr  |2 rdacarrier 
490 0 |a Annual of the Hebrew Union College / Nelson Glueck School of Biblical Archaeology  |v 9 
490 0 |a Gezer  |v 7 
500 |a CD enth.: Fields photos and plans for fields IV, II, VIII 
505 0 |a [1] General IntroductionExcavations in Field IV -- The 1973-1974 Investigation of Fortification Elements in Other Fields -- [2] Cultural and Historical Summary -- The Middle Bronze Age -- The Outer Wall and the Later Settlements at Gezer -- Abandonment and Exploitation in the Roman Period -- [3] Stratigraphy -- The Southern Gate -- The Connecting Walls and the Glacis -- The Intramural Complex -- The Outer Wall -- The Stratigraphy in Field II Areas 4 and 14 -- The Stratigraphy of Field VIII -- [4] Pottery -- Pottery Remains in Field IV -- Field II Areas 4 and 14 -- Field VIII Area 1 -- [5] Objects -- Adornments (Beads, Buttons, and Amulets) -- Jewelry (Gold and Silver) -- Scarabs and Scarab Stamps -- Bone and Horn Tools -- Ceramic, Clay, and Faience Objects -- Loom Weights -- Flint Blades -- Stone Vessels and Implements -- Scale Weights -- Bronze Tools -- Signs, Marks, and Letterforms -- [6] Special Studies -- Carbon 14 Assays -- Shell Remains -- Plate and Description Conventions. 
505 0 |a [1] General Introduction -- Excavations in Field IV -- The 1973-1974 Investigation of Fortification Elements in Other Fields -- [2] Cultural and Historical Summary -- The Middle Bronze Age -- The Outer Wall and the Later Settlements at Gezer -- Abandonment and Exploitation in the Roman Period -- [3] Stratigraphy -- The Southern Gate -- The Connecting Walls and the Glacis -- The Intramural Complex -- The Outer Wall -- The Stratigraphy in Field II Areas 4 and 14 -- The Stratigraphy of Field VIII -- [4] Pottery -- Pottery Remains in Field IV -- Field II Areas 4 and 14 -- Field VIII Area 1 -- [5] Objects -- Adornments (Beads, Buttons, and Amulets) -- Jewelry (Gold and Silver) -- Scarabs and Scarab Stamps -- Bone and Horn Tools -- Ceramic, Clay, and Faience Objects -- Loom Weights -- Flint Blades -- Stone Vessels and Implements -- Scale Weights -- Bronze Tools -- Signs, Marks, and Letterforms -- [6] Special Studies -- Carbon 14 Assays -- Shell Remains -- Plate and Description Conventions. 
588 |a Description based on print version record. 
650 7 |a Material culture  |2 fast  |0 (OCoLC)fst01011739 
650 7 |a Fortification  |2 fast  |0 (OCoLC)fst00933024 
650 7 |a Excavations (Archaeology)  |2 fast  |0 (OCoLC)fst00917564 
650 7 |a Bronze age  |2 fast  |0 (OCoLC)fst00839439 
650 7 |a Antiquities  |2 fast  |0 (OCoLC)fst00810745 
650 0 |a Bronze age  |z Israel  |z Gezer Site. 
650 0 |a Material culture  |z Israel  |z Gezer Site. 
650 0 |a Fortification  |z Israel  |z Gezer Site. 
650 0 |a Excavations (Archaeology)  |z Israel  |z Gezer Site. 
651 7 |a Israel  |z Gezer Site  |2 fast  |0 (OCoLC)fst01247224 
651 7 |a Israel  |2 fast  |0 (OCoLC)fst01204236 
651 0 |a Israel  |x Antiquities. 
651 0 |a Gezer Site (Israel) 
655 7 |a Electronic books.   |2 local 
700 1 |a Hardin, James W.  |d 1964- 
700 1 |a Gitin, Seymour  |d 1936- 
710 2 |a Project Muse.  |e distributor 
830 0 |a Book collections on Project MUSE. 
856 4 0 |z Texto completo  |u https://projectmuse.uam.elogim.com/book/80967/ 
945 |a Project MUSE - Custom Collection